<?xml version="1.0" encoding="UTF-8"?>
<collection xmlns="http://www.loc.gov/MARC21/slim">
 <record>
  <leader>03111pam a22002538a 4500</leader>
  <controlfield tag="001">00020272</controlfield>
  <controlfield tag="005">20171026081025.0</controlfield>
  <controlfield tag="008">110516s2010                  ||||||Viesd</controlfield>
  <datafield tag="020" ind1=" " ind2=" ">
   <subfield code="c">45000</subfield>
  </datafield>
  <datafield tag="041" ind1="0" ind2="#">
   <subfield code="a">Vie</subfield>
  </datafield>
  <datafield tag="082" ind1="1" ind2="4">
   <subfield code="a">895.922 34</subfield>
   <subfield code="b">M305H</subfield>
  </datafield>
  <datafield tag="100" ind1="0" ind2="#">
   <subfield code="a">Thai Sắc</subfield>
  </datafield>
  <datafield tag="245" ind1="0" ind2="0">
   <subfield code="a">Miền hoa</subfield>
   <subfield code="b">Truyện ngắn</subfield>
   <subfield code="c">Thai Sắc</subfield>
  </datafield>
  <datafield tag="260" ind1="#" ind2="#">
   <subfield code="a">H.</subfield>
   <subfield code="b">Hội nhà văn</subfield>
   <subfield code="c">2010</subfield>
  </datafield>
  <datafield tag="300" ind1="#" ind2="#">
   <subfield code="a">116 tr.</subfield>
   <subfield code="c">21 cm.</subfield>
  </datafield>
  <datafield tag="650" ind1="#" ind2="4">
   <subfield code="a">Việt Nam</subfield>
  </datafield>
  <datafield tag="650" ind1="#" ind2="4">
   <subfield code="a">Văn học hiện đại</subfield>
  </datafield>
  <datafield tag="653" ind1="#" ind2="#">
   <subfield code="a">Truyện ngắn</subfield>
  </datafield>
  <datafield tag="852" ind1="#" ind2="#">
   <subfield code="b">Kho đọc</subfield>
   <subfield code="j">KD.0005697</subfield>
  </datafield>
  <datafield tag="852" ind1="#" ind2="#">
   <subfield code="j">KD.0005697</subfield>
   <subfield code="j">KM.0007960</subfield>
   <subfield code="j">KM.0007961</subfield>
   <subfield code="j">KM.0007962</subfield>
   <subfield code="j">KM.0007964</subfield>
   <subfield code="j">KM.0007965</subfield>
   <subfield code="j">KM.0007967</subfield>
   <subfield code="j">KM.0007968</subfield>
   <subfield code="j">KM.0007970</subfield>
   <subfield code="j">KM.0007971</subfield>
   <subfield code="j">KM.0007973</subfield>
   <subfield code="j">KM.0007974</subfield>
   <subfield code="j">KM.0007976</subfield>
   <subfield code="j">KM.0007977</subfield>
   <subfield code="j">KM.0007979</subfield>
   <subfield code="j">KM.0007980</subfield>
   <subfield code="j">KM.0007982</subfield>
   <subfield code="j">KM.0007983</subfield>
   <subfield code="j">KM.0007985</subfield>
   <subfield code="j">KM.0007986</subfield>
   <subfield code="j">KM.0007988</subfield>
   <subfield code="j">KM.0007989</subfield>
   <subfield code="j">KM.0007991</subfield>
   <subfield code="j">KM.0009030</subfield>
   <subfield code="j">KM.0009031</subfield>
   <subfield code="j">KM.0009033</subfield>
   <subfield code="j">KM.0009034</subfield>
   <subfield code="j">KM.0009036</subfield>
   <subfield code="j">KM.0009037</subfield>
   <subfield code="j">KM.0009039</subfield>
   <subfield code="j">KM.0009040</subfield>
   <subfield code="j">KM.0009042</subfield>
   <subfield code="j">KM.0009043</subfield>
   <subfield code="j">KM.0009045</subfield>
   <subfield code="j">KM.0009046</subfield>
   <subfield code="j">KM.0009048</subfield>
   <subfield code="j">KM.0009049</subfield>
   <subfield code="j">KM.0009051</subfield>
   <subfield code="j">KM.0009052</subfield>
   <subfield code="j">KM.0009054</subfield>
   <subfield code="j">KM.0009055</subfield>
   <subfield code="j">KM.0009057</subfield>
   <subfield code="j">KM.0009058</subfield>
   <subfield code="j">KM.0007958</subfield>
   <subfield code="j">KM.0007959</subfield>
   <subfield code="j">KM.0007999</subfield>
   <subfield code="j">KM.0008000</subfield>
   <subfield code="j">KM.0007992</subfield>
   <subfield code="j">KM.0007993</subfield>
   <subfield code="j">KM.0007995</subfield>
   <subfield code="j">KM.0007996</subfield>
   <subfield code="j">KM.0007997</subfield>
   <subfield code="j">KM.0007933</subfield>
   <subfield code="j">KM.0007935</subfield>
   <subfield code="j">KM.0007936</subfield>
   <subfield code="j">KM.0007937</subfield>
   <subfield code="j">KM.0007939</subfield>
   <subfield code="j">KM.0007940</subfield>
   <subfield code="j">KM.0007942</subfield>
   <subfield code="j">KM.0007943</subfield>
   <subfield code="j">KM.0007945</subfield>
   <subfield code="j">KM.0007946</subfield>
   <subfield code="j">KM.0007948</subfield>
   <subfield code="j">KM.0007949</subfield>
   <subfield code="j">KM.0007951</subfield>
   <subfield code="j">KM.0007952</subfield>
   <subfield code="j">KM.0007954</subfield>
   <subfield code="j">KM.0007955</subfield>
   <subfield code="j">KM.0007934</subfield>
   <subfield code="j">KM.0007938</subfield>
   <subfield code="j">KM.0007941</subfield>
   <subfield code="j">KM.0007944</subfield>
   <subfield code="j">KM.0007947</subfield>
   <subfield code="j">KM.0007950</subfield>
   <subfield code="j">KM.0007953</subfield>
   <subfield code="j">KM.0007956</subfield>
   <subfield code="j">KM.0007957</subfield>
   <subfield code="j">KM.0007963</subfield>
   <subfield code="j">KM.0007966</subfield>
   <subfield code="j">KM.0007969</subfield>
   <subfield code="j">KM.0007972</subfield>
   <subfield code="j">KM.0007975</subfield>
   <subfield code="j">KM.0007978</subfield>
   <subfield code="j">KM.0007981</subfield>
   <subfield code="j">KM.0007984</subfield>
   <subfield code="j">KM.0007987</subfield>
   <subfield code="j">KM.0007990</subfield>
   <subfield code="j">KM.0007994</subfield>
   <subfield code="j">KM.0007998</subfield>
   <subfield code="j">KM.0009029</subfield>
   <subfield code="j">KM.0009032</subfield>
   <subfield code="j">KM.0009035</subfield>
   <subfield code="j">KM.0009038</subfield>
   <subfield code="j">KM.0009041</subfield>
   <subfield code="j">KM.0009044</subfield>
   <subfield code="j">KM.0009047</subfield>
   <subfield code="j">KM.0009050</subfield>
   <subfield code="j">KM.0009053</subfield>
   <subfield code="j">KM.0009056</subfield>
   <subfield code="j">KM.0009060</subfield>
  </datafield>
  <datafield tag="852" ind1="#" ind2="#">
   <subfield code="j">KM.0007933, KM.0007934, KM.0007935, KM.0007936, KM.0007937, KM.0007938, KM.0007939, KM.0007940, KM.0007941, KM.0007942, KM.0007943, KM.0007944, KM.0007945, KM.0007946, KM.0007947, KM.0007948, KM.0007949, KM.0007950, KM.0007951, KM.0007952, KM.0007953, KM.0007954, KM.0007955, KM.0007956, KM.0007957, KM.0007958, KM.0007959, KM.0007960, KM.0007961, KM.0007962, KM.0007963, KM.0007964, KM.0007965, KM.0007966, KM.0007967, KM.0007968, KM.0007969, KM.0007970, KM.0007971, KM.0007972, KM.0007973, KM.0007974, KM.0007975, KM.0007976, KM.0007977, KM.0007978, KM.0007979, KM.0007980, KM.0007981, KM.0007982, KM.0007983, KM.0007984, KM.0007985, KM.0007986, KM.0007987, KM.0007988, KM.0007989, KM.0007990, KM.0007991, KM.0007992, KM.0007993, KM.0007994, KM.0007995, KM.0007996, KM.0007997, KM.0007998, KM.0007999, KM.0008000, KM.0009029, KM.0009030, KM.0009031, KM.0009032, KM.0009033, KM.0009034, KM.0009035, KM.0009036, KM.0009037, KM.0009038, KM.0009039, KM.0009040, KM.0009041, KM.0009042, KM.0009043, KM.0009044, KM.0009045, KM.0009046, KM.0009047, KM.0009048, KM.0009049, KM.0009050, KM.0009051, KM.0009052, KM.0009053, KM.0009054, KM.0009055, KM.0009056, KM.0009057, KM.0009058, KM.0009060</subfield>
   <subfield code="b">Kho mượn</subfield>
  </datafield>
  <datafield tag="910" ind1="0" ind2="#">
   <subfield code="a">nhnam</subfield>
   <subfield code="d">16/05/2011</subfield>
  </datafield>
  <datafield tag="980" ind1="#" ind2="#">
   <subfield code="a">Trung tâm Học liệu Lê Vũ Hùng, Trường Đại học Đồng Tháp</subfield>
  </datafield>
 </record>
</collection>
